Les footballeurs français les plus chers - Statistiques

Statistiques générales
  • Ce quiz a été pris 241 fois
  • Le résultat moyen est 10 sur 21
Statistiques - réponses
Joueur Valeur (m) % Correct
Kylian Mbappé 160
100%
Ousmane Dembélé 55
85%
Aurélien Tchouaméni 80
65%
Bradley Barcola 65
64%
Eduardo Camavinga 80
64%
William Saliba 80
62%
Theo Hernández 50
60%
Désiré Doué 40
57%
Ibrahima Konaté 50
56%
Jules Koundé 60
54%
Michael Olise 65
52%
Dayot Upamecano 50
51%
Marcus Thuram 75
50%
Warren Zaïre-Emery 60
40%
Benjamin Pavard 40
37%
Christopher Nkunku 50
25%
Hugo Ekitiké 40
20%
Maghnes Akliouche 40
13%
Leny Yoro 55
12%
Castello Lukeba 50
6%
Enzo Millot 42
3%
Aucun quiz correspondant
Distribution des résultats
% des personnes avec chaque résultat
Percentile par nombre de réponses
Votre historique - résultats
Vous n’avez pas pris ce quiz